[Event "Buenos Aires PRENAJ"]
[Site "Buenos Aires"]
[Date "1994.??.??"]
[Round "5"]
[White "Bronstein, Luis"]
[Black "Zarnicki, Pablo"]
[Result "1-0"]
[WhiteElo "2380"]
[BlackElo "2435"]

1.d4 Nf6 2.c4 e6 3.Nf3 b6 4.g3 Ba6 5.b3 Bb4+ 6.Bd2 Be7 7.Bg2 c6 8.Bc3 d5
9.Ne5 Nfd7 10.Nxd7 Nxd7 11.Nd2 O-O 12.O-O Rc8 13.Re1 f5 14.a4 g5 15.e4 dxe4
16.f3 e5 17.fxe4 exd4 18.Bxd4 Nf6 19.Nf1 Nxe4 20.Bxe4 fxe4 21.Ne3 Bf6 22.Bxf6 Qxf6
23.Rf1 Qc3 24.Nf5 Rce8 25.Qh5 Kh8 26.Nh6 e3 27.Nf7+ Kg8 28.Nh6+ Kg7 29.Rf7+ Kh8
30.Raf1 e2 31.Rxf8+ Rxf8 32.Rxf8+ Kg7 33.Rg8+ Kf6 34.Qf7+ Ke5 35.Qg7+  1-0

[Event "Calcutta op"]
[Site "Calcutta"]
[Date "1994.??.??"]
[Round "5"]
[White "Kuzmin, Alexey"]
[Black "Parameswaran, Tiruchi N"]
[Result "1/2-1/2"]
[WhiteElo "2525"]
[BlackElo "2365"]

1.d4 Nf6 2.c4 e6 3.Nf3 b6 4.g3 Ba6 5.b3 Bb4+ 6.Bd2 Be7 7.Bg2 c6 8.Bc3 d5
9.Ne5 O-O 10.O-O Nfd7 11.Nxd7 Nxd7 12.Nd2 Re8 13.e4 b5 14.Re1 dxc4 15.bxc4 Nb6
16.c5 Na4 17.Qc2 e5 18.Nf3 exd4 19.Bxd4 Qa5 20.Rac1 Red8 21.Be3 Bc8 22.Nd4 Qa6
23.e5 Bxc5 24.Nxc6 Bxe3 25.Rxe3 Re8 26.Nb4 Qa5 27.Nd5 Be6  1/2-1/2

[Event "Capablanca mem-B"]
[Site "?"]
[Date "1994.??.??"]
[Round "11"]
[White "Gonzalez Garcia, Jose"]
[Black "Rodriguez, Amador"]
[Result "0-1"]
[WhiteElo "2420"]
[BlackElo "2470"]

1.d4 Nf6 2.c4 e6 3.Nf3 b6 4.g3 Ba6 5.b3 Bb7 6.Bg2 Bb4+ 7.Bd2 a5 8.O-O O-O
9.Qc2 d6 10.Nc3 Nbd7 11.Rfe1 c5 12.a3 Bxc3 13.Bxc3 Be4 14.Qb2 Qc7 15.Bf1 Bb7
16.Nd2 cxd4 17.Bxd4 e5 18.Bc3 Ng4 19.Bg2 Bxg2 20.Kxg2 f5 21.Qc2 Nc5 22.h3 Qc6+
23.Kg1 Nf6 24.Nf3 a4 25.bxa4 Nfe4 26.a5 bxa5 27.Red1 Na4 28.Be1 Rfb8 29.Rab1 Rxb1
30.Rxb1 Nb6 31.c5 Nd7 32.Qb3+ d5 33.Qb5 Ra6 34.Bxa5 Nexc5 35.Qxc6 Rxc6 36.Rb5 d4
37.Bb4 d3 38.exd3 Nxd3 39.Rd5 Rc1+ 40.Kg2 e4 41.Rxd7 exf3+ 42.Kxf3 Ne5+  0-1

[Event "Cappelle op"]
[Site "Cappelle la Grande"]
[Date "1994.??.??"]
[Round "1"]
[White "Naumkin, Igor"]
[Black "Denayer, Eric"]
[Result "1-0"]
[WhiteElo "2455"]
[BlackElo "2240"]

1.d4 Nf6 2.c4 e6 3.Nf3 b6 4.g3 Ba6 5.b3 Bb7 6.Bg2 Bb4+ 7.Bd2 Bxd2+ 8.Qxd2 O-O
9.O-O d6 10.Qc2 c5 11.Rd1 Qe7 12.Nc3 Nc6 13.Rd2 Rfd8 14.Rad1 Rac8 15.d5 exd5
16.cxd5 Ne5 17.Nh4 a6 18.Nf5 Qf8 19.a4 Rc7 20.h3 Bc8 21.Ne3 Bd7 22.Nc4 Nxc4
23.bxc4 Rb7 24.g4 Rdb8 25.g5 Ne8 26.Rd3 b5 27.axb5 axb5 28.cxb5 Bxb5 29.Rg3 Bd7
30.h4 Rb4 31.h5 Rg4 32.Rdd3 Rbb4 33.Qd2 f5 34.Rxg4 fxg4 35.Be4 Qf7 36.Bxh7+ Kh8
37.g6 Qf8 38.Re3 Nc7 39.Re4 Rxe4 40.Nxe4 Qe7 41.Qb2  1-0

[Event "Cappelle op"]
[Site "Cappelle la Grande"]
[Date "1994.??.??"]
[Round "1"]
[White "Marchand, Francois"]
[Black "Chuchelov, Vladimir"]
[Result "0-1"]
[WhiteElo "2260"]
[BlackElo "2495"]

1.d4 Nf6 2.c4 e6 3.Nf3 b6 4.g3 Ba6 5.b3 Bb4+ 6.Bd2 Be7 7.Bg2 d5 8.cxd5 exd5
9.O-O O-O 10.Nc3 Bb7 11.Bf4 Re8 12.Qc2 Na6 13.Rad1 h6 14.Rfe1 Qc8 15.Be5 Qe6
16.Bxf6 Bxf6 17.e4 dxe4 18.d5 Nb4 19.Qxe4 Qxe4 20.Nxe4 Nxd5 21.Nxf6+ Nxf6
22.Ne5 Bxg2 23.Kxg2 Re6 24.b4 a5 25.b5 Rae8 26.Nf3 Rxe1 27.Rxe1 Rxe1 28.Nxe1 Nd5
29.Nc2 Nc3 30.Ne3 Nxa2 31.Nd5 Nb4 32.Nxc7 a4 33.Na6 Nd5  0-1

[Event "Cappelle op"]
[Site "Cappelle la Grande"]
[Date "1994.??.??"]
[Round "1"]
[White "Tsiganova, Monika"]
[Black "Shipov, Sergei"]
[Result "1-0"]
[WhiteElo "2285"]
[BlackElo "2525"]

1.d4 Nf6 2.c4 e6 3.Nf3 b6 4.g3 Ba6 5.Nbd2 Bb7 6.Bg2 Be7 7.O-O O-O 8.Qc2 d5
9.b3 Nbd7 10.Bb2 c5 11.cxd5 exd5 12.dxc5 bxc5 13.e3 a5 14.a4 Qb6 15.Rac1 Rfd8
16.Rfd1 Rac8 17.Ne5 Nxe5 18.Bxe5 Ng4 19.Ba1 Bf6 20.Bh3 h5 21.Qf5 g6 22.Qf4 Bxa1
23.Rxa1 d4 24.e4 d3 25.Nc4 Qxb3 26.Nxa5 Qb4 27.Rab1 Qxa5 28.Rxb7 Rf8 29.Rxd3 Qxa4
30.Bxg4 hxg4 31.Qxg4 Rce8 32.Re3 c4 33.Rc7 Qa1+ 34.Kg2 Qd4 35.h4 Re5 36.Qe2 Rc5
37.Rxc5 Qxc5 38.e5 c3 39.Qc2 Rc8 40.e6 Qd5+ 41.Kh2 Qd2 42.exf7+ Kf8 43.Qxd2 cxd2
44.Rd3 Rc2 45.Kg2 Kxf7 46.Rd4 Ke6 47.Kf3 Ke5 48.Rd8 Kf5 49.Ke3  1-0

[Event "Cappelle op"]
[Site "Cappelle la Grande"]
[Date "1994.??.??"]
[Round "2"]
[White "Chuchelov, Vladimir"]
[Black "Van Gisbergen, Stan"]
[Result "1/2-1/2"]
[WhiteElo "2495"]
[BlackElo "2365"]

1.d4 Nf6 2.Nf3 e6 3.c4 b6 4.g3 Ba6 5.b3 Bb4+ 6.Bd2 Be7 7.Bg2 c6 8.Bc3 d5
9.Ne5 Nfd7 10.Nxd7 Nxd7 11.Nd2 O-O 12.O-O b5 13.Re1 Rc8 14.e4 dxe4 15.Bxe4 bxc4
16.bxc4 c5 17.d5 exd5 18.Bxd5 Bf6 19.Rc1 Bxc3 20.Rxc3 Nf6 21.Bf3 Qa5 22.Qc2 Rfe8
23.Rb1 Rcd8 24.Nf1 Bc8 25.Ne3 Rd6 26.Kg2 h6 27.Qb2 Rb6 28.Rb3 Rxb3 29.Qxb3 Qc7
30.Qb5 Rd8 31.Nd5 Nxd5 32.cxd5 Bf5 33.Rc1 Rc8 34.Qa6 c4 35.d6 Qb6 36.Qa4  1/2-1/2

[Event "Cappelle op"]
[Site "Cappelle la Grande"]
[Date "1994.??.??"]
[Round "3"]
[White "Roizen, Nadejda"]
[Black "Andriasian, Armine"]
[Result "1/2-1/2"]
[WhiteElo "2280"]
[BlackElo "2065"]

1.d4 Nf6 2.c4 e6 3.Nf3 b6 4.g3 Ba6 5.Qa4 Be7 6.Bg2 O-O 7.Nc3 d5 8.Ne5 c5
9.dxc5 Bxc5 10.O-O Bd4 11.cxd5 Bxc3 12.bxc3 exd5 13.c4 Qe8 14.Qxe8 Rxe8 15.Bb2 Nbd7
16.Nxd7 Nxd7 17.Bxd5 Rac8 18.e3 Bxc4 19.Bxc4 Rxc4 20.Rac1 Rxc1 21.Rxc1 Nc5
22.Bd4 Rc8 23.Kg2 f6 24.Kf3 Kf7 25.e4 Rc7 26.Ke3 Ne6 27.Rxc7+ Nxc7 28.f4 h5
29.Kd3 Ke6  1/2-1/2

[Event "Cappelle op"]
[Site "Cappelle la Grande"]
[Date "1994.??.??"]
[Round "3"]
[White "Van Gisbergen, Stan"]
[Black "Roeder, Mathias"]
[Result "1/2-1/2"]
[WhiteElo "2365"]
[BlackElo "2435"]

1.d4 Nf6 2.c4 e6 3.Nf3 b6 4.g3 Ba6 5.Nbd2 Bb7 6.Bg2 Be7 7.Qc2 d5 8.O-O O-O
9.cxd5 exd5 10.Ne5 c5 11.dxc5 bxc5 12.Rd1 Qc7 13.Ndf3 Bd6 14.Nd3  1/2-1/2

[Event "Cappelle op"]
[Site "Cappelle la Grande"]
[Date "1994.??.??"]
[Round "4"]
[White "Sokolov, Andrei"]
[Black "Detter, Peter"]
[Result "1-0"]
[WhiteElo "2555"]
[BlackElo "2205"]

1.Nf3 Nf6 2.d4 e6 3.c4 b6 4.g3 Ba6 5.b3 d5 6.Bg2 dxc4 7.Ne5 Bb4+ 8.Kf1 Bd6
9.Nxc4 Nd5 10.e4 c6 11.Kg1 Bxc4 12.bxc4 Nc7 13.Bb2 O-O 14.Nd2 Qe7 15.c5 bxc5
16.e5 cxd4 17.exd6 Qxd6 18.Ne4  1-0

[Event "Cappelle op"]
[Site "Cappelle la Grande"]
[Date "1994.??.??"]
[Round "4"]
[White "Van Gisbergen, Stan"]
[Black "Solozhenkin, Evgeniy"]
[Result "1-0"]
[WhiteElo "2365"]
[BlackElo "2525"]

1.d4 Nf6 2.c4 e6 3.Nf3 b6 4.g3 Ba6 5.Nbd2 Bb7 6.Bg2 c5 7.e4 cxd4 8.e5 Ne4
9.O-O Nxd2 10.Bxd2 Qc7 11.Nxd4 Bxg2 12.Kxg2 Qxc4 13.Rc1 Qd5+ 14.Qf3 Qxf3+
15.Kxf3 Na6 16.Nb5 Bc5 17.a3 O-O 18.Ke2 f6 19.b4 Be7 20.f4 Rfd8 21.Rfd1 Kf7
22.Be3 Ke8 23.Rc7 fxe5 24.fxe5 Nxc7 25.Nxc7+ Kf8 26.Nxa8 Rxa8 27.Rxd7 a5
28.b5 a4 29.Rb7 Bxa3 30.Rxb6 Bb2 31.Ra6 Rb8 32.b6 a3 33.Bc5+ Kf7 34.Kd3 Rd8+
35.Kc4 Bxe5 36.Rxa3 Rd2 37.Rf3+ Kg6 38.Rf2 Rd1 39.Re2 Rc1+ 40.Kb5 Rb1+ 41.Bb4 Bb8
42.Rxe6+ Kf5 43.Rc6 Kg4 44.Rc4+ Kh3 45.Rh4+ Kg2 46.Rxh7 Bd6 47.Rh4 g5 48.Rd4 Be5
49.Re4 Bb8 50.Re2+ Kh3 51.Rd2 g4 52.b7 Bc7 53.Rd7 Bb8 54.Rh7+ Kg2 55.Kc4  1-0

[Event "Cappelle op"]
[Site "Cappelle la Grande"]
[Date "1994.??.??"]
[Round "5"]
[White "Ikonnikov, Vyacheslav"]
[Black "Van Gisbergen, Stan"]
[Result "1-0"]
[WhiteElo "2515"]
[BlackElo "2365"]

1.d4 Nf6 2.Nf3 e6 3.c4 b6 4.g3 Ba6 5.Qa4 Bb7 6.Bg2 c5 7.dxc5 Bxc5 8.O-O O-O
9.Nc3 Be7 10.Rd1 Na6 11.Bf4 Nc5 12.Qc2 Nfe4 13.Ne5 Nxc3 14.Qxc3 Bxg2 15.Kxg2 Qc8
16.b4 f6 17.bxc5 fxe5 18.Bxe5 Bxc5 19.f3 Rf7 20.Rd3 Qc6 21.Rad1 Rc8 22.Qd2 Rf5
23.Bxg7 Kxg7 24.Rxd7+ Kg6 25.g4 Rg5 26.Qd3+ Kf6 27.Qxh7 Rxg4+ 28.Kh3 Rgg8
29.Rf7+ Kg5 30.Qh4+ Kg6 31.Qf6+  1-0

[Event "Cappelle op"]
[Site "Cappelle la Grande"]
[Date "1994.??.??"]
[Round "5"]
[White "Tsiganova, Monika"]
[Black "Andriasian, Armine"]
[Result "1/2-1/2"]
[WhiteElo "2285"]
[BlackElo "2065"]

1.d4 Nf6 2.c4 e6 3.Nf3 b6 4.g3 Ba6 5.Nbd2 c5 6.Bg2 Bb7 7.O-O Be7 8.Re1 Nc6
9.e4 d5 10.exd5 exd5 11.cxd5 Nxd5 12.dxc5 bxc5 13.Ne5 O-O 14.Ndc4 Nd4 15.Bd2 Rb8
16.Ba5 Nb6 17.Bxb7 Rxb7 18.Qg4 Qd5 19.Nxb6 axb6 20.Bc3 Bf6 21.Bxd4 cxd4 22.Nd3 Rc7
23.Nf4 Qd7 24.Qxd7 Rxd7 25.Nd3 Rc8 26.Rac1 Rxc1 27.Rxc1 Kf8 28.Kf1 Ke7 29.Ke2 Rd5
30.Rc7+ Rd7 31.Rc4 h5 32.Rc6 Rd6 33.Rc7+ Rd7 34.Rxd7+ Kxd7 35.Nf4 g6 36.Kd3 Kc6
37.h4 Kc5 38.b4+ Kxb4 39.a3+ Ka4 40.Nd5 Bg7 41.Nxb6+ Kxa3 42.Nd5 Ka4 43.Kc4 d3
44.Kxd3 Kb5 45.Ke4 Kc4 46.Nf4 Kb4 47.Nd3+ Kc3 48.Ne5 Kd2 49.Nxf7 Ke2 50.f3 Kf2
51.Kf4 Bb2 52.g4 Bc1+ 53.Ke4 hxg4 54.fxg4 Kg3  1/2-1/2

[Event "Cappelle op"]
[Site "Cappelle la Grande"]
[Date "1994.??.??"]
[Round "8"]
[White "Savchenko, Stanislav"]
[Black "Felsberger, Alfred"]
[Result "1/2-1/2"]
[WhiteElo "2540"]
[BlackElo "2390"]

1.d4 Nf6 2.c4 e6 3.Nf3 b6 4.g3 Ba6 5.b3 Bb7 6.Bg2 Bb4+ 7.Bd2 a5 8.O-O O-O
9.Qc2 d5 10.a3 Be7 11.Ne5 Nfd7 12.Nxd7 Nxd7 13.cxd5 exd5 14.Nc3 Nf6 15.Rfd1 Re8
16.Bf4 Qd7 17.Be5 Rac8 18.Qb2 Ne4 19.b4 axb4 20.axb4 Nxc3 21.Qxc3 c6 22.Ra7 b5
23.h4 Ra8 24.Bh3 Qxh3 25.Rxb7 Ra6 26.Rc1 Qe6 27.e3 h6 28.Bf4 g5 29.hxg5 hxg5
30.Be5 Qh3 31.Qd3 Bf8 32.Qf1 Qf5 33.Qg2 Re6 34.g4 Qe4 35.Qxe4 dxe4 36.Rb8 f6
37.Bc7 Kf7 38.Ba5 Re8 39.Rxe8 Kxe8 40.Kg2 Kf7 41.Rh1 Ke6 42.Rh7 Bd6 43.f3 exf3+
44.Kxf3 Kd5 45.Rd7 Ke6 46.Rd8 Ra7 47.Rc8 Kd7 48.Rh8 Ke6 49.e4 Rf7 50.Ke3 Rf8
51.Rh7 Rf7 52.Rh6 Be7 53.Kd3 Rf8 54.Rh7 Re8 55.Kc3 Rc8 56.Kb3 Rb8 57.Rh6 Rb7
58.Rh8 Bd6 59.Kc3 Rb8 60.Rh7 Ra8 61.Kb3 Rb8 62.Rh6 Bf8 63.Rh1 Be7 64.Bc7 Rb7
65.Ba5 Rb8 66.Kc3 Bf8 67.Kd3 Be7 68.Ke3 Bf8 69.Rh7 Bd6 70.Kd3 Rg8 71.Kc3 Rb8
72.Kb3 Ra8 73.Rh6 Be7 74.Rh1 Rb8 75.Rh7  1/2-1/2

[Event "Cappelle op"]
[Site "Cappelle la Grande"]
[Date "1994.??.??"]
[Round "8"]
[White "Nalbandian, Tigran"]
[Black "Tsiganova, Monika"]
[Result "1-0"]
[WhiteElo "2485"]
[BlackElo "2285"]

1.d4 Nf6 2.Nf3 e6 3.c4 b6 4.g3 Ba6 5.Qa4 Bb7 6.Bg2 Be7 7.O-O O-O 8.Rd1 d5
9.Ne5 Qc8 10.cxd5 exd5 11.Nc3 Qe6 12.Bg5 c5 13.Nd3 Bc6 14.Qc2 Qf5 15.Bxf6 Bxf6
16.Nb4 Qxc2 17.Nxc2 Nd7 18.Bxd5 Bxd5 19.Nxd5 cxd4 20.Nxd4 Bxd4 21.Rxd4 Nc5
22.Rad1 g6 23.b4 Ne6 24.Ne7+ Kg7 25.Rd7 Rfe8 26.R1d2 a5 27.a3 axb4 28.axb4 Ra1+
29.Kg2 Rc1 30.Nd5 Rb8 31.Ra2 g5 32.Raa7 Nd8 33.Rd6 b5 34.Rad7  1-0

[Event "Ceske Budejovice op"]
[Site "Ceske Budejovice"]
[Date "1994.??.??"]
[Round "3"]
[White "Bellin, Jana"]
[Black "Donchev, Dimitar I"]
[Result "1/2-1/2"]
[WhiteElo "2210"]
[BlackElo "2485"]

1.d4 Nf6 2.c4 e6 3.Nf3 b6 4.g3 Ba6 5.Nbd2 Bb4 6.Qc2 c5 7.Bg2 Bb7 8.O-O O-O
9.a3 Bxd2 10.Bxd2 Be4 11.Qc3 cxd4 12.Nxd4 Bxg2 13.Kxg2 Ne4 14.Qd3 Nxd2 15.Qxd2 d5
16.cxd5 Qxd5+ 17.Nf3 Qxd2 18.Nxd2 Nc6 19.Rac1 Rfd8 20.Rxc6 Rxd2 21.Rfc1 g5
22.R1c2 Rad8 23.g4 Kg7 24.Kf3 R8d5 25.b4 Rxc2 26.Rxc2 a5 27.bxa5 bxa5 28.Rc4 Kg6
29.e3 h5 30.gxh5+ Kxh5 31.Kg3 f5 32.Rc8 Rd3 33.Re8 f4+ 34.Kf3 fxe3 35.fxe3 Rxa3
36.Rxe6 Ra1 37.Ra6 a4 38.e4 a3 39.e5 g4+ 40.Kg2 Kg5 41.h3  1/2-1/2

[Event "Copenhagen op16"]
[Site "Copenhagen"]
[Date "1994.??.??"]
[Round "8"]
[White "Arkell, Keith C"]
[Black "Danielsen, Henrik"]
[Result "1/2-1/2"]
[WhiteElo "2500"]
[BlackElo "2480"]

1.d4 Nf6 2.c4 e6 3.Nf3 b6 4.g3 Ba6 5.b3 Bb7 6.Bg2 Bb4+ 7.Bd2 a5 8.O-O O-O
9.Bc3 d5 10.Bb2 Be7 11.Nc3 Na6 12.Ne5 c5 13.cxd5 Nxd5 14.Nxd5 exd5 15.Qd2 Ra7
16.Rfd1 Nc7 17.Nd3 Ne6 18.dxc5 bxc5 19.Nf4 Nxf4 20.Qxf4 d4 21.Bxb7 Rxb7 22.e3 Rd7
23.exd4 Bf6 24.Rd3 Re8 25.Rad1 Re2 26.Bc3 Rxa2 27.Qf3 cxd4 28.Bxd4 h6 29.Bxf6  1/2-1/2

[Event "Dresden (Women)"]
[Site "Dresden"]
[Date "1994.??.??"]
[Round "?"]
[White "Voiska, Margarita"]
[Black "Dabrowska, Krystyna"]
[Result "1/2-1/2"]
[WhiteElo "2325"]
[BlackElo "2300"]

1.d4 Nf6 2.c4 e6 3.Nf3 b6 4.g3 Ba6 5.b3 c6 6.Bg2 Be7 7.O-O O-O 8.Bb2 d5 9.Ne5 Nfd7
10.Nxd7 Nxd7 11.Nd2 f5 12.Qc2 Rc8 13.Rac1 Bd6 14.a3 Nf6 15.b4 Rf7 16.Rfe1 h5
17.cxd5 cxd5 18.Qa4 Rxc1 19.Bxc1 Bc8 20.Nf3 Bd7 21.Qb3 Qe8 22.Ng5 Ba4 23.Qf3 Rc7
24.Bf4 Bxf4 25.Qxf4 Rc2 26.Qe5 Bd7 27.Bf3 Qc8 28.h4 Qc7 29.Nxe6 Qxe5 30.dxe5 Bxe6
31.exf6 g6 32.Rd1 Kf7 33.Bxd5 Rxe2 34.Bxe6+ Kxe6 35.Kf1 Re5 36.f7 Kxf7 37.Rd7+ Re7
38.Rd6 Re6  1/2-1/2

[Event "RUS-ch"]
[Site "Elista"]
[Date "1994.??.??"]
[Round "4"]
[White "Shipov, Sergei"]
[Black "Tunik, Gennady"]
[Result "1/2-1/2"]
[WhiteElo "2525"]
[BlackElo "2450"]

1.d4 Nf6 2.c4 e6 3.Nf3 b6 4.g3 Ba6 5.b3 Bb7 6.Bg2 Bb4+ 7.Bd2 c5 8.O-O O-O
9.Bc3 Na6 10.Bb2 cxd4 11.Qxd4 Be7 12.Nc3 Nc5 13.Rfd1 Qc8 14.Rac1 Nce4 15.Nxe4 Bxe4
16.h3 Rd8 17.Ne1 Bxg2 18.Nxg2 Qb7 19.Ne3  1/2-1/2

[Event "RUS-ch"]
[Site "Elista"]
[Date "1994.??.??"]
[Round "5"]
[White "Ruban, Vadim"]
[Black "Kiselev, Sergey"]
[Result "1-0"]
[WhiteElo "2560"]
[BlackElo "2460"]

1.d4 Nf6 2.c4 e6 3.Nf3 b6 4.g3 Ba6 5.b3 Bb4+ 6.Bd2 c5 7.Bg2 Bb7 8.O-O O-O
9.Bxb4 cxb4 10.Qd3 d6 11.Nbd2 Qc7 12.Ne1 Bxg2 13.Nxg2 Nc6 14.f4 d5 15.Rfc1 Qd7
16.e3 Rfc8 17.Ne1 Rc7 18.Nef3 Rac8 19.e4 Nxe4 20.Nxe4 dxe4 21.Qxe4 b5 22.d5 exd5
23.cxd5 Nd4 24.Rxc7 Nxf3+ 25.Qxf3 Qxc7 26.Rd1 Qd6 27.Qe3 a6 28.Qe5 Rd8 29.Qxd6 Rxd6
30.Kf2 Kf8 31.Ke3 Ke7 32.Kd4 Rh6 33.Rd2 Kd6 34.Rc2 Rh3 35.Rc6+ Kd7 36.Rxa6 Rxh2
37.Kc5 Rc2+ 38.Kxb4 Rg2 39.Kc5 Rxg3 40.Ra7+  1-0

[Event "RUS-ch"]
[Site "Elista"]
[Date "1994.??.??"]
[Round "7"]
[White "Tunik, Gennady"]
[Black "Arkhipov, Sergey"]
[Result "1/2-1/2"]
[WhiteElo "2450"]
[BlackElo "2495"]

1.d4 Nf6 2.c4 e6 3.Nf3 b6 4.g3 Ba6 5.b3 Bb7 6.Bg2 Bb4+ 7.Bd2 a5 8.O-O O-O
9.Nc3 Ne4 10.Nxe4 Bxe4 11.a3 Be7 12.b4 d6 13.Bc3 Nd7 14.Qd2 c6 15.Qe3 Nf6
16.Bh3 Bxf3 17.Qxf3 d5 18.Qd3 Ne4 19.e3 Nxc3 20.Qxc3 Bf6  1/2-1/2

[Event "RUS-ch"]
[Site "Elista"]
[Date "1994.??.??"]
[Round "9"]
[White "Tunik, Gennady"]
[Black "Aseev, Konstantin N"]
[Result "1/2-1/2"]
[WhiteElo "2450"]
[BlackElo "2540"]

1.d4 Nf6 2.c4 e6 3.Nf3 b6 4.g3 Ba6 5.b3 Bb4+ 6.Bd2 Be7 7.Bg2 d5 8.cxd5 exd5
9.O-O O-O 10.Ne5 Bb7 11.Bf4 Re8 12.Nc3 Nbd7 13.Rc1 c6 14.Qd3 Nf8 15.Rfd1 Ne6
16.Be3 Bd6 17.Nf3 Qe7 18.Nh4 g6 19.Bf3 Rac8 20.Bh6 c5 21.dxc5 Bxc5 22.Na4 Bd4
23.Ng2 Ne4 24.Be3 Bg7 25.Rxc8 Rxc8 26.Rc1 Rxc1+ 27.Bxc1 Nd4 28.Bb2 Qb4 29.Qd1 b5
30.Bxe4 dxe4 31.Nc3 Nxe2+ 32.Nxe2 Bxb2 33.Qd7 Ba8 34.Qe8+ Qf8 35.Qxb5 e3
36.Nxe3 Qd8 37.Nf4 Bf3 38.Nfd5 Kg7 39.Qd3 Be5 40.Nf5+ gxf5 41.Qxf3 Qd7 42.Kg2 Kg6
43.b4 a6 44.a3 Bd6 45.Ne3 Qe6 46.Qd5 Qe4+ 47.Kf1 Be7 48.Ke2 Bf6 49.Qxe4 fxe4
50.Nd5 Be5 51.Ne7+ Kf6 52.Nc6 Bc7 53.f3 exf3+ 54.Kxf3 Ke6 55.Ke4 f5+ 56.Kd3 Kf6
57.Nd4 h5 58.Ne2 Kg5 59.h3 h4 60.gxh4+ Kxh4 61.Nd4 f4 62.Ke4 a5 63.b5 a4
64.Kd5 Kxh3 65.Kc6 Be5 66.Nf3 Bb8 67.b6 Kg3 68.Nd2 f3 69.Nxf3 Kxf3 70.Kb5 Ke4
71.Kxa4 Kd5 72.Kb5 Kd6 73.a4 Kd7 74.a5 Bf4 75.Ka6 Kc6  1/2-1/2

[Event "RUS-ch"]
[Site "Elista"]
[Date "1994.??.??"]
[Round "10"]
[White "Shipov, Sergei"]
[Black "Poluljahov, Aleksandr"]
[Result "1/2-1/2"]
[WhiteElo "2525"]
[BlackElo "2485"]

1.d4 e6 2.c4 Nf6 3.Nf3 b6 4.g3 Ba6 5.b3 d5 6.cxd5 exd5 7.Bg2 Bb4+ 8.Bd2 Be7
9.O-O O-O 10.Nc3 Bb7 11.Qc2 Na6 12.Bg5 Ne4 13.Bxe7 Qxe7 14.Rac1 c5 15.Rfd1 Rac8
16.Qb2 Rfd8 17.e3 Nc7 18.dxc5 Nxc3 19.Qxc3 Ne6 20.c6 Rxc6 21.Qb2 Rc5 22.Rd2 Rxc1+
23.Qxc1 Rc8 24.Qb2 Qc5 25.h4 Qc1+ 26.Qxc1 Rxc1+ 27.Kh2 f6 28.Ng1 Rc5 29.Ne2 a5
30.Bh3 Kf7 31.Bxe6+ Kxe6 32.Nd4+ Ke5 33.g4 Bc8 34.Kg3 Rc1 35.Nf3+ Ke6 36.Kf4 Rc7
37.h5 Rc5 38.g5 Bb7 39.gxf6 gxf6 40.Nd4+ Kf7 41.Rd1 Rc8 42.Rg1 Rg8 43.Rxg8 Kxg8
44.Ne2 Kg7 45.Nc3 Bc6 46.a3 Kf7 47.b4 axb4 48.axb4 Ke6 49.h6 Bd7 50.Kg3 Be8
51.f4 Bc6 52.Ne2 Bd7 53.Nd4+ Kf7 54.f5 Ke7 55.Kf4 Kd6 56.Nf3 Ke7 57.Nd2 Kd6
58.Nb3 Ke7 59.Nd4 Kd6 60.Ne2 Bb5 61.Nd4  1/2-1/2

[Event "FIN-chT"]
[Site "?"]
[Date "1994.??.??"]
[Round "?"]
[White "Lehtivaara, Petri"]
[Black "Nokso Koivisto, Antti"]
[Result "1/2-1/2"]
[WhiteElo "2275"]
[BlackElo "2250"]

1.d4 Nf6 2.c4 e6 3.Nf3 b6 4.g3 Ba6 5.b3 Bb4+ 6.Bd2 Be7 7.Bg2 c6 8.Bc3 d5
9.Ne5 Nfd7 10.Nxd7 Nxd7 11.Nd2 Rc8 12.O-O O-O 13.Re1 f5 14.Qc2 Nf6 15.Rad1 Qe8
16.Qd3 Ne4 17.Nf3 f4 18.Rf1 Qh5 19.Ne5 Nxc3 20.Qxc3 Bd6 21.Bf3 Qg5 22.h4 Qe7
23.Kg2 Bxe5 24.dxe5 Qc5 25.Bg4 Rce8 26.Qd4 Qxd4 27.Rxd4 fxg3 28.fxg3 Rxf1
29.Kxf1 c5 30.Rf4 dxc4 31.bxc4 Bc8 32.Rf3 Rf8 33.Ke1 Rxf3 34.exf3 Kf7 35.Kd2 Bb7
36.Ke3 Ba6 37.Kd3 Bb7 38.Ke3 Ba6 39.Kd3 Bb7 40.Kc3 Ke7 41.f4 Be4 42.Be2 Bc6
43.Bd3 h6 44.Bg6 Bf3 45.Kd2 Bb7 46.Ke3 Ba6 47.Bd3 Bb7 48.g4 Bc6 49.f5 Bd7
50.Kf4 Bc8 51.g5 exf5 52.Bxf5 Ba6 53.Bd3 Bc8 54.Be4 Bh3 55.Bd5 Bd7 56.Ke4 Bh3
57.Ke3 Bf5 58.Kf4 Bh3  1/2-1/2

[Event "FIN-chT"]
[Site "?"]
[Date "1994.??.??"]
[Round "?"]
[White "Manninen, Marko"]
[Black "Veingold, Aleksandr"]
[Result "1/2-1/2"]
[WhiteElo "2375"]
[BlackElo "2465"]

1.d4 Nf6 2.c4 e6 3.Nf3 b6 4.g3 Ba6 5.b3 d5 6.Bg2 c5 7.O-O Nc6 8.cxd5 exd5
9.Nc3 Rc8 10.Bg5 Be7 11.dxc5 bxc5 12.Rc1 d4 13.Bxf6 gxf6 14.Ne4 Qa5 15.Ned2 O-O
16.Nc4 Qc7 17.Bh3 Rcd8 18.Bf5 Rfe8 19.Qd3 h6 20.Qe4 Bf8 21.Qg4+ Kh8 22.Rfe1 Ne7
23.Bd3 Bc8 24.Qh4 Kg7 25.Ncd2 Ng6 26.Qh5 Qc6 27.Bc4 Bb7 28.Qg4 Bc8 29.Qh5 Bb7
30.Qg4 Bc8  1/2-1/2

[Event "FIN-chT"]
[Site "?"]
[Date "1994.??.??"]
[Round "?"]
[White "Manninen, Marko"]
[Black "Veingold, Aleksandr"]
[Result "1/2-1/2"]
[WhiteElo "2375"]
[BlackElo "2465"]

1.d4 Nf6 2.c4 e6 3.Nf3 b6 4.g3 Ba6 5.Nbd2 Bb4 6.Qc2 Bb7 7.Bg2 Be4 8.Qb3 Bxd2+
9.Bxd2 d6 10.O-O O-O 11.Bh3 Nbd7 12.Rfd1 Qe7 13.Qc3 a5 14.b3 h6  1/2-1/2

[Event "FRA-chT "]
[Site "FRA"]
[Date "1994.??.??"]
[Round "8"]
[White "Bernard, Christophe"]
[Black "Beghadi, Mourad"]
[Result "1-0"]
[WhiteElo "2355"]
[BlackElo "2130"]

1.d4 Nf6 2.Nf3 e6 3.c4 b6 4.g3 Ba6 5.Qa4 Be7 6.Bg2 Bb7 7.O-O O-O 8.Nc3 a6
9.Qc2 d5 10.cxd5 exd5 11.Ne5 Nbd7 12.Bf4 Rc8 13.Rad1 Re8 14.e4 dxe4 15.Qb3 Rf8
16.Bh3 Bd6 17.Rfe1 Qe7 18.Nxe4 Nxe4 19.Nxd7 Rfe8 20.f3 Bxf4 21.gxf4 Rcd8
22.fxe4 Rxd7 23.Bxd7 Qxd7 24.d5 Qd6 25.Qf3 Qb4 26.Qa3 Qc4 27.Qc3 Qxc3 28.bxc3 Rd8
29.c4 a5 30.Kf2 Ba6 31.Rc1 Kf8 32.c5 b5 33.f5 f6 34.Ke3 c6 35.d6 a4 36.a3 Bc8
37.Kf4 g5+ 38.fxg6 hxg6 39.h4 Kf7 40.e5  1-0

[Event "FRA-chT "]
[Site "FRA"]
[Date "1994.??.??"]
[Round "9"]
[White "Mora, Virginie"]
[Black "Roos, Celine"]
[Result "0-1"]
[WhiteElo "2165"]
[BlackElo "2175"]

1.d4 Nf6 2.c4 e6 3.Nf3 b6 4.g3 Ba6 5.b3 d5 6.Bg2 Be7 7.O-O O-O 8.Ne5 Bb7
9.Nd2 c5 10.Bb2 cxd4 11.Bxd4 Nc6 12.Nxc6 Bxc6 13.e3 Rc8 14.Qe2 dxc4 15.Bxc6 Rxc6
16.Nxc4 Qd5 17.Rfd1 Qf5 18.f3 h5 19.e4 Qb5 20.Rd2 Bc5 21.Qe3 Rd8 22.Rad1 Bxd4
23.Rxd4 Rxd4 24.Qxd4 Qc5 25.Ne5 Rd6  0-1

[Event "Frydek-Mistek op"]
[Site "Frydek-Mistek"]
[Date "1994.??.??"]
[Round "?"]
[White "Jirovsky, Pavel"]
[Black "Berzinsh, Roland"]
[Result "0-1"]
[WhiteElo "2335"]
[BlackElo "2465"]

1.d4 Nf6 2.Nf3 e6 3.c4 b6 4.g3 Ba6 5.b3 Bb4+ 6.Bd2 Be7 7.Bg2 c6 8.O-O d5
9.Qc2 O-O 10.Bf4 Nbd7 11.Nbd2 c5 12.dxc5 Bxc5 13.e4 dxc4 14.Nxc4 Rc8 15.Rad1 h6
16.Bd6 Bxd6 17.Rxd6 Bxc4 18.bxc4 Qc7 19.Rfd1 b5 20.e5 Nd5 21.Nd4 Nxe5 22.Nxb5 Qxc4
23.Qxc4 Nxc4 24.Rd7 a6 25.Bxd5 axb5 26.Bxc4 bxc4 27.Rc1 Rc5 28.Rb7 Rd8 29.Rc2 Kf8
30.a4 Rdc8 31.Rb4 Ke7 32.a5 Rxa5 33.Rbxc4 Rd8 34.Kg2 Rad5 35.Rc7+ Kf6 36.Ra7 Rf5
37.Ra3 g5 38.h3 Kg6 39.Rf3 Re5 40.Rfc3 Rdd5 41.Rc8 h5 42.R8c4 Rf5 43.Ra4 Rd1
44.Rac4 Re1 45.Rc5 Rxc5 46.Rxc5 Re4 47.Ra5 f5 48.Ra8 h4 49.Rg8+ Kf6 50.Rf8+ Kg7
51.Ra8 Rc4 52.Ra5 Kf6 53.Rb5 hxg3 54.Kxg3 Rc3+ 55.Kg2 f4 56.Ra5 Rd3 57.Rb5 Rd5
58.Rb8 Kf5 59.Rb4 Rd1 60.Ra4 e5 61.Ra5 Ke4 62.Ra3 Rd3 63.Ra4+ Rd4 64.Ra3 Rd5
65.Ra4+ Kf5 66.Ra8 e4 67.Rf8+ Ke5 68.Re8+ Kd4 69.Ra8 Kd3 70.Ra2 Rc5 71.Ra3+ Kd2
72.Ra4 Kd3 73.Ra3+ Rc3 74.Ra5 Rc2 75.Rd5+ Ke2 76.Re5 e3 77.fxe3 f3+ 78.Kg3 f2
79.Rf5 f1=Q 80.Rxf1 Kxf1 81.e4 Rg2+ 82.Kf3 Kg1 83.e5 Kh2 84.e6 Rg3+ 85.Ke4 Rxh3
86.e7 Rh8 87.Kf5 Re8 88.Kxg5 Rxe7  0-1

[Event "Peer Gynt"]
[Site "Gausdal"]
[Date "1994.??.??"]
[Round "1"]
[White "Lahlum, Hans Olav"]
[Black "Ostenstad, Berge"]
[Result "0-1"]
[WhiteElo "2225"]
[BlackElo "2465"]

1.d4 Nf6 2.c4 e6 3.Nf3 b6 4.g3 Ba6 5.b3 b5 6.Bg2 bxc4 7.Ne5 Bb4+ 8.Kf1 d5
9.bxc4 O-O 10.Bd2 Bd6 11.Nc3 c6 12.Bg5 h6 13.Bc1 Nfd7 14.Nxd7 Nxd7 15.cxd5 cxd5
16.Kg1 Qa5 17.Bd2 Bb4 18.Nb1 Rab8 19.Bxb4 Rxb4 20.e3 Rb2 21.a3 Be2 22.Qc1 Rc2  0-1

[Event "Gausdal Int"]
[Site "Gausdal"]
[Date "1994.??.??"]
[Round "1"]
[White "Fyllingen, Roy Harald"]
[Black "Horvath, Csaba"]
[Result "0-1"]
[WhiteElo "2335"]
[BlackElo "2540"]

1.d4 Nf6 2.c4 e6 3.Nf3 b6 4.g3 Ba6 5.Nbd2 Bb4 6.Qc2 Bb7 7.Bg2 c5 8.dxc5 Bxc5
9.O-O Qc7 10.Nb3 Be7 11.Bf4 d6 12.Rac1 O-O 13.Rfd1 Nbd7 14.h3 Rac8 15.Nbd4 a6
16.g4 Be4 17.Qd2 e5 18.g5 Nh5 19.Bh2 exd4 20.Qxd4 Qb7 21.Bxd6 Bxd6 22.Qxd6 Nc5  0-1

[Event "Peer Gynt"]
[Site "Gausdal"]
[Date "1994.??.??"]
[Round "4"]
[White "Kraidman, Yair"]
[Black "Thorfinnsson, Bragi"]
[Result "1-0"]
[WhiteElo "2370"]
[BlackElo "2185"]

1.d4 Nf6 2.c4 e6 3.Nf3 b6 4.g3 Ba6 5.b3 Bb4+ 6.Bd2 Be7 7.Bg2 c6 8.O-O d5
9.Qc2 Nbd7 10.Bf4 Rc8 11.Nbd2 O-O 12.Qb2 c5 13.Rac1 Ne4 14.Nxe4 dxe4 15.Ne5 cxd4
16.Bxe4 f5 17.Bg2 Nxe5 18.Bxe5 Bf6 19.Bxf6 Qxf6 20.Qa3 Rc5 21.Qxa6 Ra5 22.Qb7 e5
23.Qc6 Rxa2 24.Qxf6 Rxf6 25.Bd5+ Kf8 26.Rfe1  1-0